Kolektivizace venkova v Československu 1948-1960 a středoevropské souvislosti /

Other Authors: Blažek, Petr, 1973-, Kubálek, Michal, 1965-
Language: Czech
Published: V Praze : Česká zemědělská univerzita :Dokořán, 2008
Edition: 1. vyd.
Series: Bod (Dokořán)
Subjects:
Online Access: Digitalizovaný dokument
Physical Description: 359 s. : il., portréty, faksim. ; 22 cm + 1 CD
Language note: Anglické resumé
Book
Saved in:
LEADER 03153nam a2200685 a 4500
001 nkc20081829979
003 CZ PrNK
005 20230530102048.0
007 ta
008 081112s2008 xr ach f 001 0 cze
015 |a cnb001829979 
020 |a 978-80-7363-226-7  |q (Dokořán ;  |q váz.) 
020 |a 978-80-213-1799-4  |q (Česká zemědělská univerzita ;  |q váz.)  |z 978-80-213-1749-4 :  |c Kč 350,00 
035 |a (OCoLC)298779855 
040 |a OLA001  |b cze  |d BOA001  |d ABA001 
041 0 |a cze  |b eng 
043 |a e-cs---  |a et----- 
045 |a x4x6 
072 7 |a 323  |x Vnitropolitický vývoj, politický život  |2 Konspekt  |9 15 
080 |a 332.025.26:63  |2 MRF 
080 |a 316.334.55  |2 MRF 
080 |a 63  |2 MRF 
080 |a 323  |2 MRF 
080 |a (437)  |2 MRF 
080 |a (4-191.2)+(4-11)  |2 MRF 
080 |a (082)  |2 MRF 
245 0 0 |a Kolektivizace venkova v Československu 1948-1960 a středoevropské souvislosti /  |c Petr Blažek a Michal Kubálek (eds.) 
250 |a 1. vyd. 
260 |a V Praze :  |b Česká zemědělská univerzita :  |b Dokořán,  |c 2008 
300 |a 359 s. :  |b il., portréty, faksim. ;  |c 22 cm +  |e 1 CD 
490 1 |a Bod 
500 |a Název přiloženého CD: Konec "vesnických upírů" : (rozhlasový dokument o kolektivizaci venkova v Československu) / Adam Drda 
504 |a Obsahuje bibliografii, bibliografické odkazy a rejstřík 
546 |a Anglické resumé 
648 4 |a 1948-1960 
650 0 7 |a kolektivizace zemědělství  |7 ph134658  |z Československo  |y 20. století  |2 czenas 
650 0 7 |a venkov  |7 ph127032  |z Československo  |y 20. století  |2 czenas 
650 0 7 |a zemědělství  |7 ph116770  |z Československo  |y 20. století  |2 czenas 
650 0 7 |a zemědělství  |7 ph116770  |z Evropa střední a východní  |y 20. století  |2 czenas 
650 0 9 |a collectivization of agriculture  |z Czechoslovakia  |y 20th century  |2 eczenas 
650 0 9 |a countryside  |z Czechoslovakia  |y 20th century  |2 eczenas 
650 0 9 |a agriculture  |z Czechoslovakia  |y 20th century  |2 eczenas 
650 0 9 |a agriculture  |z Europe, Central and Eastern  |y 20th century  |2 eczenas 
651 7 |a Československo  |7 ge131689  |x společnost a politika  |y 20. století  |2 czenas 
651 7 |a Evropa střední a východní  |7 ge128476  |x společnost a politika  |y 20. století  |2 czenas 
651 9 |a Czechoslovakia  |x society and politics  |y 20th century  |2 eczenas 
651 9 |a Europe, Central and Eastern  |x society and politics  |y 20th century  |2 eczenas 
655 7 |a sborníky  |7 fd163935  |2 czenas 
655 9 |a papers  |2 eczenas 
700 1 |a Blažek, Petr,  |d 1973-  |7 pna2005280931  |4 edt 
700 1 |a Kubálek, Michal,  |d 1965-  |7 jx20070802008  |4 edt 
740 0 2 |a Konec "vesnických upírů" 
830 0 |a Bod (Dokořán)  |0 s 
856 4 1 |u http://www.digitalniknihovna.cz/mzk/uuid/uuid:76f65bb0-c1ac-11e4-9541-005056827e51  |y Digitalizovaný dokument  |x NDK 
910 2 |a BOA001  |b 2-1213.995 
990 |a BK 
995 |a 01 
991 |b 200812  |c NOV 
996 6 |b 2610360412  |c 2-1213.995  |l MZK  |r Sklad / do 1 hodiny  |n 32  |p p.v.  |w 000921696  |u 000010  |a 1  |e BOA001  |j MZK50  |s P 
996 7 |b 2610375899  |c 2-1213.995  |l MZK  |r Sklad / do 1 hodiny  |n 55  |p p.v.  |w 000921696  |u 000020  |a 1  |e BOA001  |j MZK50  |s A